000
00443nam a2200145Ia 4500
008
100204s9999 xx 000 0 und d
082
_b
19442
100
_a
वकील व्यंकटेश शंकर
245
_a
तीन घटका
260
_b
"संतोष साहित्य, मुंबई"
_c
1960
300
_a
54
630
_a
तीन घटका
730
_a
तीन घटका
942
_c
BOOK
999
_c
463864
_d
463861